Albrecht Durers gamtliche Kupferstiche ... (Record no. 5349)

MARC details
000 -CABECERA
campo de control de longitud fija 00826nam a2200265 a 4500
001 - NÚMERO DE CONTROL
campo de control BRCA_5656
005 - FECHA Y HORA DE LA ÚLTIMA TRANSACCIÓN
campo de control 20190320205153.0
008 - DATOS DE LONGITUD FIJA--INFORMACIÓN GENERAL
campo de control de longitud fija 220211t1912----gw-a######---#000-0#ger-#
041 ## - CÓDIGO DE LENGUA
Código de lengua del texto/banda sonora o título independiente ger
044 ## - CÓDIGO DEL PAÍS DE LA ENTIDAD EDITORA/PRODUCTORA
Código MARC del país gw
050 #4 - SIGNATURA TOPOGRÁFICA DE LA BIBLIOTECA DEL CONGRESO
Número de clasificación NE654.D8
Número de documento/Ítem .L45 1912
100 1# - ENTRADA PRINCIPAL--NOMBRE DE PERSONA
Nombre de persona Leitschuh, Franz Friedrich
Fechas asociadas al nombre 1865-1924
9 (RLIN) 14377
245 10 - MENCIÓN DE TÍTULO
Título Albrecht Durers gamtliche Kupferstiche ...
Mención de responsabilidad, etc. von Franz Friedrich Leitschuh.
250 ## - MENCIÓN DE EDICIÓN
Mención de edición 4
260 ## - PUBLICACIÓN, DISTRIBUCIÓN, ETC.
Lugar de publicación, distribución, etc. Leipzig, Alemania
Nombre del editor, distribuidor, etc. Schumann
Fecha de publicación, distribución, etc. c1912
300 ## - DESCRIPCIÓN FÍSICA
Extensión 1 v. (sin paginación)
Otras características físicas il., 107 láminas
Dimensiones 44 cm.
500 ## - NOTA GENERAL
Nota general Incluye índice de láminas
500 ## - NOTA GENERAL
Nota general Edición con cantos dorados
500 ## - NOTA GENERAL
Nota general Estado físico: la tapa sufre de perdida de plano
500 ## - NOTA GENERAL
Nota general F128
600 14 - PUNTO DE ACCESO ADICIONAL DE MATERIA--NOMBRE DE PERSONA
Nombre de persona Durer, Albrecht
Fechas asociadas al nombre 1471-1528
9 (RLIN) 48
650 14 - PUNTO DE ACCESO ADICIONAL DE MATERIA--TÉRMINO DE MATERIA
Término de materia o nombre geográfico como elemento de entrada Grabadores alemanes
9 (RLIN) 7216
902 ## - CATALOGADOR
Iniciales GFM
942 ## - ELEMENTOS DE PUNTO DE ACCESO ADICIONAL (KOHA)
Fuente del sistema de clasificación o colocación Library of Congress Classification
Tipo de ítem Koha Libros
Holdings
Estado de retiro Estado de pérdida Estado dañado No para préstamo Localización permanente Ubicación/localización actual Fecha de adquisición Número de inventario Total de préstamos Signatura topográfica completa Código de barras Fecha visto por última vez Precio válido a partir de Tipo de ítem Koha
El ejemplar forma parte de la colección y puede ser consultado según las políticas vigentes.       Biblioteca del Museo Franz Mayer (Rogerio Casas-Alatriste) Biblioteca del Museo Franz Mayer (Rogerio Casas-Alatriste) 17/02/2011 F128   NE654.D8 .L45 1912 (F128) 6092 22/03/2019 22/03/2019 Libros